Bundesliga 2006/2007 - Statistiken

Allgemein
  • Dieses Quiz wurde 98 mal gespielt
  • Das Durchschnittsergebnis liegt bei 14 aus 18
Antwortstatistiken
Antwort % Korrekt
Bayern München
96%
Borussia Dortmund
92%
VfB Stuttgart
92%
Werder Bremen
89%
Hamburger SV
86%
Schalke 04
86%
Eintracht Frankfurt
85%
Borussia Mönchengladbach
84%
Hertha BSC
80%
VfL Wolfsburg
79%
Hannover 96
77%
VfL Bochum
75%
1. FC Nürnberg
74%
Bayer Leverkusen
74%
Energie Cottbus
60%
Arminia Bielefeld
57%
Alemannia Aachen
56%
FSV Mainz 05
45%
Keine übereinstimmenden Quizze gefunden
Verteilung der Resultate
Anzahl Personen mit jedem Resultat
Perzentil nach korrekt beantworteten Fragen
Ihre Resultats-Entwicklung
Sie haben dieses Quiz noch nicht gespielt